Provence-Alpes-Côte d'Azur de A à Z - Statistiques

Statistiques générales
  • Ce quiz a été pris 54 fois
  • Le résultat moyen est 8 sur 26
Statistiques - réponses
Lettre Question Réponse % Correct
H Produit de l'olive très utilisé en Provence Huile
89%
N Cette ville abrite le 2e aéroport français Nice
76%
M Prénom d'un célèbre écrivain provençal né en 1895 à Aubagne Marcel
67%
F Oiseau typique de la Camargue (2 mots) Flamant rose
64%
I Groupe de Hip-hop originaire de Marseille IAM
60%
O On la surnomme la "Cité des Princes" Orange
56%
E Massif forestier de la Côte d'azur Esterel
47%
P Avant de devenir français, Avignon et le Comtat Venaissin appartenaient au/à pape
47%
T Ville rendue célèbre par Tartarin Tarascon
38%
L On y a filmé l'arrivée d'un train au tout début du cinéma La Ciotat
36%
V Plateau bien connu pour ses champs de Lavandin Valensole
36%
U Vallée dans laquelle se trouve Barcelonnette Ubaye
33%
X 10 sur les monuments antiques de la région X
33%
G Auteur de Regain né à Manosque en 1895 (prénom et nom) Jean Giono
24%
J Lieu du 1er festival européen de jazz Juan les Pins
22%
R Commune détachée de la principauté de Monaco en 1861 Roquebrune-Cap-Martin
22%
S Commune des Alpes ayant une AOC d'agneau Sisteron
22%
B Cette roche tire son nom d'une commune de Provence bauxite
20%
Q Massif à cheval sur les Hautes-Alpes et le Piémont Queyras
20%
C 1er chef-lieu du département des Hautes-Alpes Chorges
16%
A Prénom d'un footballeur né en 1985 à Martigues André-Pierre
9%
W Député depuis 2022 de la 2e circonscription des Alpes-de-Haute-Provence (prénom et nom) Léo Walter
4%
Z Salle de concert située près de la gare de Toulon (2 mots) Zénith Omega
4%
K Rappeur né dans les Bouches-du-Rhône en 1979 Kalash l'Afro
0%
D Peintre mort à Forcalquier en 1953 (prénom et nom) Raoul Dufy
0%
Y Ancienne commune du Jura rattachée à Dole en 1953... Saint.. YIie
0%
Aucun quiz correspondant
Distribution des résultats
% des personnes avec chaque résultat
Percentile par nombre de réponses
Votre historique - résultats
Vous n’avez pas pris ce quiz